000 00833cam a2200313 4500
001 ABS62847
008 000000n2000 000 0 eng u
035 _a(Sirsi) u108540
245 _aRegional survey: Essex
260 _c2000
490 _aProperty Week
_v65(33) 8 September 2000, 93-108(8)
590 _aABS
650 _aESSEX
650 _aSTANSTED AIRPORT
650 _aBASILDON
650 _aHARLOW
650 _aCOLCHESTER
650 _aBRAINTREE
650 _aBARKING
650 _aBISHOPS STORTFORD
650 _aHARLOW
650 _aLOUGHTON
650 _aROMFORD
650 _aINDUSTRIAL MARKET
650 _aPROPERTY-COMMERCIAL PROPERTY-OFFICE PROPERTY-OFFICE PROPERTY MARKET
650 _aPLANNING ISSUES
690 _aPROPERTY-COMMERCIAL PROPERTY-COMMERCIAL PROPERTY MARKET
942 _n0
999 _c64811
_d64811